书目信息 |
| 题名: |
奥林匹克进展
|
|
| 作者: | 赵长杰 主编 | |
| 分册: | ||
| 出版信息: | 北京 北京体育大学出版社 2004 |
|
| 页数: | 248页 | |
| 开本: | 28cm | |
| 丛书名: | ||
| 单 册: | ||
| 中图分类: | G811.219 | |
| 科图分类: | ||
| 主题词: | 奥运会--体育运动史 , 奥运会 , 体育运动史 | |
| 电子资源: | ||
| ISBN: | 7-81100-202-7 | |
| 000 | 00758nam0 2200253 450 | |
| 001 | 002865067 | |
| 005 | 20061105085431.15 | |
| 010 | @a7-81100-202-7@dCNY30.00 | |
| 100 | @a20050416d2004 em y0chiy0110 ea | |
| 101 | 0 | @achi |
| 102 | @aCN@b110000 | |
| 105 | @aa z 000yy | |
| 200 | 1 | @a奥林匹克进展@9ao lin pi ke jin zhan@e从雅典到雅典@f赵长杰主编 |
| 210 | @a北京@c北京体育大学出版社@d2004 | |
| 215 | @a248页@c照片,图@d28cm | |
| 300 | @a北京市教委教学改革立项项目 | |
| 330 | @a本书以历届冬、夏奥运会为主线,介绍了奥运会的历史。 | |
| 606 | 0 | @a奥运会@x体育运动史 |
| 606 | 0 | @a奥运会 |
| 606 | 0 | @a体育运动史 |
| 690 | @aG811.219@v4 | |
| 701 | 0 | @a赵长杰@9zhao chang jie@f(1969~)@4主编 |
| 801 | 0 | @aCN@bNLC@c20061105 |
| 905 | @a10447@dG811.219@e33 | |
| 奥林匹克进展:从雅典到雅典/赵长杰主编.-北京:北京体育大学出版社,2004 |
| 248页:照片,图;28cm |
| 北京市教委教学改革立项项目 |
| ISBN 7-81100-202-7:CNY30.00 |
| 本书以历届冬、夏奥运会为主线,介绍了奥运会的历史。 |
| ● |
| 相关链接 |
|
|
|
|
正题名:奥林匹克进展
索取号:G811.219/33
 
预约/预借
| 序号 | 登录号 | 条形码 | 馆藏地/架位号 | 状态 | 备注 |
| 1 | 0381027 | 203810279 | 第一样本阅览室/ [索取号:G811.219/33] | 在馆 | |
| 2 | 0381028 | 203810288 | 第四借阅区/ [索取号:G811.219/33] | 在馆 | |
| 3 | 0381029 | 203810297 | 第四借阅区/ [索取号:G811.219/33] | 在馆 | |
| 4 | 0381030 | 203810304 | 第四借阅区/ [索取号:G811.219/33] | 在馆 | |
| 5 | 0381031 | 203810313 | 第四借阅区/ [索取号:G811.219/33] | 在馆 |